Fr. Conceicao Rodrigues College of Engineering

Engineering formulas (Record no. 19234)

MARC details
000 -LEADER
fixed length control field 00270nam a2200121Ia 4500
082 ## - DEWEY DECIMAL CLASSIFICATION NUMBER
Classification number 621.0212
100 ## - MAIN ENTRY--PERSONAL NAME
Personal name Gieck/ Kurt
245 ## - TITLE STATEMENT
Title Engineering formulas
260 ## - PUBLICATION, DISTRIBUTION, ETC.
Name of publisher, distributor, etc. McGraw Hill
Place of publication, distribution, etc. New York
Date of publication, distribution, etc. 1976
546 ## - LANGUAGE NOTE
Language note ENGLISH
654 ## - SUBJECT ADDED ENTRY--FACETED TOPICAL TERMS
Focus term Engineering formulas
942 ## - ADDED ENTRY ELEMENTS (KOHA)
Koha item type BOOK
Holdings
Withdrawn status Lost status Damaged status Not for loan Collection Home library Current library Date acquired Cost, normal purchase price Inventory number Total Checkouts Full call number Barcode Date last seen Cost, replacement price Price effective from Koha item type
        AFT Fr. Agnel's C.Rodrigues College of Engineering Fr. Agnel's C.Rodrigues College of Engineering 17/03/2023 90.55 T-928   621.0212 AFT2134 17/03/2023 90.55 17/03/2023 BOOK